[Event "Moscow_Open_19_TurnirA"]
[Site "?"]
[Date "2019.01.26"]
[Round "1.1"]
[White "Sjugirov, Sanan"]
[Black "Mustafayev, Farid"]
[Result "*"]
[BlackElo "2275"]
[WhiteElo "2663"]
[LiveChessVersion "1.4.8"]

1. d4 d5 {[%clk 1:29:21]} 2. c4 {[%clk 1:31:07]} dxc4 {[%clk 1:29:34]} 3. e4
{[%clk 1:31:24]} e5 {[%clk 1:29:12]} 4. Nf3 {[%clk 1:31:39]} exd4
{[%clk 1:28:55]} 5. Bxc4 {[%clk 1:31:55]} Be6 {[%clk 1:27:01]} 6. Bxe6
{[%clk 1:30:02]} fxe6 {[%clk 1:27:24]} 7. Nxd4 {[%clk 1:28:15]} Qf6
{[%clk 1:21:57]} 8. Nc3 {[%clk 1:23:06]} Nd7 {[%clk 1:07:35]} 9. Ncb5
{[%clk 1:17:29]} O-O-O {[%clk 1:01:18]} 10. Nxa7+ {[%clk 1:09:45]} Kb8
{[%clk 1:01:43]} 11. Nac6+ {[%clk 1:09:48]} bxc6 {[%clk 1:02:02]} 12. Nxc6+
{[%clk 1:10:13]} Kc8 {[%clk 0:54:19]} 13. Be3 {[%clk 1:05:46]} Ne5
{[%clk 0:43:34]} 14. Na7+ {[%clk 1:01:15]} Kb7 {[%clk 0:43:54]} 15. Qb3+
{[%clk 1:01:34]} Ka8 {[%clk 0:44:15]} 16. Nb5 {[%clk 0:58:51]} Bb4+
{[%clk 0:42:59]} 17. Ke2 {[%clk 0:57:58]} Nc6 {[%clk 0:41:55]} 18. Nxc7+
{[%clk 0:53:57]} Kb7 {[%clk 0:42:17]} 19. Nxe6 {[%clk 0:53:48]} Rd6
{[%clk 0:38:11]} 20. Nc5+ {[%clk 0:51:58]} Kc8 {[%clk 0:38:35]} 21. Rhc1
{[%clk 0:43:37]} Nge7 {[%clk 0:31:35]} 22. Nd3 {[%clk 0:41:55]} Rxd3
{[%clk 0:30:41]} 23. Qxd3 {[%clk 0:41:52]} Rd8 {[%clk 0:27:42]} 24. Qa6+
{[%clk 0:41:33]} Kd7 {[%clk 0:27:10]} 25. Rd1+ {[%clk 0:41:15]} Ke8
{[%clk 0:27:30]} 26. Rxd8+ {[%clk 0:41:34]} Kxd8 {[%clk 0:27:40]} 27. Qd3+
{[%clk 0:34:30]} Ke8 {[%clk 0:26:54]} 28. Rb1 {[%clk 0:34:30]} Qe6
{[%clk 0:19:34]} 29. a3 {[%clk 0:34:14]} Bd6 {[%clk 0:19:53]} 30. h3
{[%clk 0:33:57]} Qg6 {[%clk 0:12:47]} 31. Kf1 {[%clk 0:33:17]} Ne5
{[%clk 0:13:13]} 32. Qc2 {[%clk 0:31:48]} Nd5 {[%clk 0:10:24]} 33. Qc8+
{[%clk 0:30:27]} Kf7 {[%clk 0:10:27]} 34. Qb7+ {[%clk 0:30:24]} Ne7
{[%clk 0:10:51]} 35. Qb3+ {[%clk 0:30:03]} Kf8 {[%clk 0:11:11]} 36. Rd1
{[%clk 0:30:06]} Bc7 {[%clk 0:10:00]} 37. Qb7 {[%clk 0:28:57]} Qh5
{[%clk 0:09:21]} 38. Ke1 {[%clk 0:28:14]} *

[Event "Moscow_Open_19_TurnirA"]
[Site "?"]
[Date "2019.01.26"]
[Round "1.2"]
[White "Kutsanyan, Andranik"]
[Black "Lysyj, Igor"]
[Result "*"]
[BlackElo "2633"]
[WhiteElo "2272"]
[LiveChessVersion "1.4.8"]

1. e4 {[%clk 1:30:57]} e5 {[%clk 1:30:55]} 2. Nf3 {[%clk 1:31:18]} Nc6
{[%clk 1:31:19]} 3. Bb5 {[%clk 1:31:40]} a6 {[%clk 1:31:46]} 4. Ba4
{[%clk 1:32:00]} Nf6 {[%clk 1:32:09]} 5. d4 {[%clk 1:28:55]} exd4
{[%clk 1:32:15]} 6. O-O {[%clk 1:28:53]} Be7 {[%clk 1:32:25]} 7. Re1
{[%clk 1:28:18]} b5 {[%clk 1:32:02]} 8. Bb3 {[%clk 1:28:31]} d6 {[%clk 1:31:39]}
9. Bd5 {[%clk 1:22:57]} Nxd5 {[%clk 1:30:36]} 10. exd5 {[%clk 1:23:20]} Ne5
{[%clk 1:30:59]} 11. Nxd4 {[%clk 1:22:41]} O-O {[%clk 1:29:10]} 12. Nc3
{[%clk 1:13:24]} Bg4 {[%clk 1:25:09]} 13. Qd2 {[%clk 1:08:59]} Re8
{[%clk 1:14:19]} 14. b3 Qb8 15. Ne4 Bd7 16. Bb2 Qb7 17. f4 Ng4 18. c4 Qb6 19. Kh1
Bh4 20. g3 Bd8 21. h3 Nf6 22. Nf2 bxc4 23. bxc4 c6 24. dxc6 Bxc6+ 25. Kh2 Bd7 26.
Rxe8+ Nxe8 27. Nb3 Be6 28. Rc1 Rc8 29. Qe2 Nf6 30. Ng4 Bxg4 31. hxg4 h6 32. g5
hxg5 33. fxg5 Qe3 34. Qxe3 Ng4+ 35. Kh3 Nxe3 36. c5 d5 37. g6 fxg6 38. Bd4 Bg5
39. Re1 Nc2 40. Re5 Bf6 41. Rxd5 Bxd4 42. Nxd4 Nxd4 43. Rxd4 Rxc5 44. Kg4 Kh7 45.
a4 Kh6 46. Re4 a5 47. Rd4 Rc3 48. Kh3 Ra3 49. Rh4+ Kg5 50. Rc4 Rf3 51. Rc7 Kh6
52. Rc5 Rf5 53. Rb5 Kh7 54. g4 Rxb5 55. axb5 a4 56. b6 a3 57. b7 a2 58. b8=Q a1=Q
59. Qd8 Qh1+ 60. Kg3 Qe1+ 61. Kg2 Qe2+ 62. Kg3 Qe3+ 63. Kg2 Qe4+ 64. Kg3 Qe5+ 65.
Kg2 Qf6 66. Qd2 Kg8 67. g5 Qf5 68. Kg3 Kf7 69. Qe3 Qe6 70. Qa7+ Qe7 71. Qa2+ Ke8
72. Qa8+ Kd7 73. Qb7+ Ke6 74. Qe4+ Kf7 75. Qf3+ Kg8 76. Qd5+ Qf7 77. Qxf7+ Kxf7
78. Kf4 Ke6 79. Ke4 Kd6 *

[Event "Moscow_Open_19_TurnirA"]
[Site "?"]
[Date "2019.01.26"]
[Round "1.3"]
[White "Ponkratov, Pavel"]
[Black "Galaktionov, Artem"]
[Result "*"]
[BlackElo "2271"]
[WhiteElo "2630"]
[LiveChessVersion "1.4.8"]

1. e4 {[%clk 1:30:57]} c6 {[%clk 1:30:02]} 2. d4 {[%clk 1:31:22]} d5
{[%clk 1:30:29]} 3. e5 {[%clk 1:31:30]} Bf5 {[%clk 1:30:56]} 4. g4
{[%clk 1:31:56]} Bg6 {[%clk 1:31:05]} 5. h4 {[%clk 1:31:56]} h5 {[%clk 1:31:11]}
6. e6 {[%clk 1:32:22]} Qd6 {[%clk 1:31:35]} 7. exf7+ {[%clk 1:31:32]} Bxf7
{[%clk 1:32:01]} 8. g5 {[%clk 1:30:41]} e5 {[%clk 1:29:18]} 9. Nf3
{[%clk 1:28:49]} exd4 {[%clk 1:29:32]} 10. Qxd4 {[%clk 1:28:53]} Be6
{[%clk 1:20:53]} 11. Nc3 {[%clk 1:26:45]} Nd7 {[%clk 1:17:15]} 12. Bf4
{[%clk 1:23:33]} Qc5 {[%clk 1:17:39]} 13. O-O-O {[%clk 1:23:07]} O-O-O
{[%clk 1:17:20]} 14. Na4 {[%clk 1:23:17]} Qa5 {[%clk 0:56:35]} 15. Bd2
{[%clk 1:21:13]} Qc7 {[%clk 0:56:31]} 16. Qxa7 {[%clk 1:21:37]} Bg4
{[%clk 0:56:16]} 17. Nd4 {[%clk 1:20:17]} Bxd1 {[%clk 0:52:05]} 18. Kxd1
{[%clk 1:17:22]} Qb8 {[%clk 0:24:55]} 19. Nb6+ {[%clk 1:17:24]} Nxb6
{[%clk 0:24:56]} 20. Qxb6 {[%clk 1:17:49]} Kd7 {[%clk 0:20:51]} 21. Bh3+
{[%clk 1:18:00]} Ke8 {[%clk 0:21:20]} 22. Nxc6 {[%clk 1:18:20]} Qd6
{[%clk 0:20:36]} 23. Qxb7 {[%clk 1:18:00]} *

[Event "Moscow_Open_19_TurnirA"]
[Site "?"]
[Date "2019.01.26"]
[Round "1.4"]
[White "Mochalin, Faddey"]
[Black "Grachev, Boris"]
[Result "*"]
[BlackElo "2626"]
[WhiteElo "2270"]
[LiveChessVersion "1.4.8"]

1. d4 {[%clk 1:30:57]} Nf6 {[%clk 1:30:55]} 2. c4 {[%clk 1:31:22]} e6
{[%clk 1:31:21]} 3. Nf3 {[%clk 1:31:41]} d5 {[%clk 1:31:35]} 4. Nc3
{[%clk 1:32:01]} dxc4 {[%clk 1:31:54]} 5. e3 {[%clk 1:31:52]} a6 {[%clk 1:32:19]}
6. Bxc4 {[%clk 1:32:13]} b5 {[%clk 1:32:45]} 7. Be2 {[%clk 1:32:24]} Bb7
{[%clk 1:33:02]} 8. O-O {[%clk 1:32:37]} Nbd7 {[%clk 1:33:26]} 9. b3
{[%clk 1:29:55]} c5 {[%clk 1:33:16]} 10. Bb2 {[%clk 1:29:06]} Bd6
{[%clk 1:31:20]} 11. dxc5 {[%clk 1:21:06]} Bxc5 {[%clk 1:30:59]} 12. Rc1
{[%clk 1:13:00]} O-O {[%clk 1:30:28]} 13. Qc2 {[%clk 1:11:12]} Rc8
{[%clk 1:26:35]} 14. Qb1 {[%clk 1:11:07]} Qb6 {[%clk 1:25:39]} 15. Kh1
{[%clk 0:49:24]} h6 {[%clk 1:23:43]} 16. h3 {[%clk 0:47:33]} Rfd8
{[%clk 1:14:45]} 17. Rfd1 {[%clk 0:44:36]} Be7 {[%clk 1:08:57]} 18. Qa1
{[%clk 0:39:31]} Qa7 {[%clk 1:06:04]} 19. Nd4 {[%clk 0:35:22]} b4
{[%clk 0:59:43]} 20. Na4 {[%clk 0:34:10]} Ne4 {[%clk 0:57:50]} 21. Kg1
{[%clk 0:29:37]} Bh4 {[%clk 0:55:25]} 22. Rf1 {[%clk 0:17:51]} Ndf6
{[%clk 0:50:46]} 23. Rxc8 {[%clk 0:10:39]} Rxc8 {[%clk 0:50:32]} 24. Nf3 Bxf2+
{[%clk 0:45:24]} 25. Rxf2 {[%clk 0:07:06]} Qxe3 {[%clk 0:45:27]} 26. Qe1
{[%clk 0:05:02]} Nxf2 {[%clk 0:36:01]} 27. Qxf2 {[%clk 0:05:16]} Qxf2+
{[%clk 0:29:52]} 28. Kxf2 {[%clk 0:05:41]} Ne4+ {[%clk 0:29:08]} 29. Ke3
{[%clk 0:05:15]} Ng3 {[%clk 0:27:22]} 30. Bd3 {[%clk 0:01:25]} Nf5+
{[%clk 0:26:09]} 31. Ke2 {[%clk 0:00:34]} Ne7 {[%clk 0:24:41]} 32. Nb6
{[%clk 0:00:33]} Rc5 {[%clk 0:21:59]} 33. Nc4 {[%clk 0:00:38]} Nd5
{[%clk 0:21:39]} 34. Kd2 {[%clk 0:00:31]} Nf4 {[%clk 0:21:35]} 35. Bf1
{[%clk 0:00:35]} Rd5+ {[%clk 0:17:42]} 36. Bd4 {[%clk 0:00:32]} Rd8
{[%clk 0:15:44]} 37. Ke3 {[%clk 0:00:36]} Nd5+ {[%clk 0:15:52]} 38. Kf2
{[%clk 0:00:32]} Nc3 {[%clk 0:16:13]} 39. Bxc3 {[%clk 0:00:33]} bxc3
{[%clk 0:16:39]} 40. Ne1 {[%clk 0:30:49]} Be4 41. Na3 {[%clk 0:23:09]} f5
{[%clk 0:44:48]} 42. b4 {[%clk 0:03:37]} Rd2+ {[%clk 0:44:35]} 43. Be2
{[%clk 0:00:31]} Rxa2 {[%clk 0:44:56]} 44. Nc4 {[%clk 0:00:39]} c2
{[%clk 0:44:58]} *

[Event "Moscow_Open_19_TurnirA"]
[Site "?"]
[Date "2019.01.26"]
[Round "1.5"]
[White "Goganov, Aleksey"]
[Black "Kirillov, Dmitry"]
[Result "*"]
[BlackElo "2267"]
[WhiteElo "2612"]
[LiveChessVersion "1.4.8"]

1. d4 {[%clk 1:30:57]} d5 {[%clk 1:30:53]} 2. c4 {[%clk 1:31:24]} dxc4
{[%clk 1:31:16]} 3. e3 {[%clk 1:31:41]} e5 {[%clk 1:31:40]} 4. Bxc4
{[%clk 1:31:59]} exd4 {[%clk 1:32:04]} 5. exd4 {[%clk 1:32:24]} Bd6
{[%clk 1:32:24]} 6. Nf3 {[%clk 1:32:41]} Nf6 {[%clk 1:32:49]} 7. Qe2+
{[%clk 1:33:02]} Qe7 {[%clk 1:31:55]} 8. Qxe7+ {[%clk 1:33:24]} Bxe7
{[%clk 1:31:52]} 9. O-O {[%clk 1:30:49]} O-O {[%clk 1:30:46]} 10. Nc3
{[%clk 1:30:42]} Bf5 {[%clk 1:27:08]} 11. Re1 {[%clk 1:24:36]} Bd6
{[%clk 1:20:44]} 12. Bg5 {[%clk 1:15:49]} Nbd7 {[%clk 1:01:33]} 13. Nh4
{[%clk 1:15:29]} Bg6 {[%clk 1:01:40]} 14. Nxg6 {[%clk 1:15:54]} hxg6
{[%clk 1:02:03]} 15. g3 {[%clk 1:15:28]} Nb6 {[%clk 0:58:40]} 16. Bb3
{[%clk 1:15:24]} c6 {[%clk 0:56:54]} 17. Kg2 {[%clk 1:13:30]} Rfe8
{[%clk 0:54:05]} 18. h4 {[%clk 1:12:10]} Nbd5 {[%clk 0:52:41]} 19. Kf3
{[%clk 1:11:25]} Bc7 {[%clk 0:43:48]} 20. Na4 {[%clk 1:03:05]} Nd7
{[%clk 0:33:12]} 21. Bxd5 {[%clk 0:57:06]} cxd5 {[%clk 0:33:27]} 22. Nc3
{[%clk 0:57:33]} Bb6 {[%clk 0:24:48]} 23. Rxe8+ {[%clk 0:55:21]} Rxe8
{[%clk 0:24:52]} 24. Rd1 {[%clk 0:55:45]} Re6 {[%clk 0:18:07]} 25. Nxd5
{[%clk 0:56:04]} Rd6 {[%clk 0:18:09]} 26. Nxb6 {[%clk 0:55:57]} Nxb6
{[%clk 0:18:33]} 27. Be7 {[%clk 0:41:59]} Rd7 28. Bc5 {[%clk 0:42:16]} Na4
{[%clk 0:15:54]} 29. Bxa7 {[%clk 0:42:05]} b6 {[%clk 0:15:52]} 30. Bb8
{[%clk 0:42:21]} Nxb2 {[%clk 0:16:12]} 31. Rc1 {[%clk 0:41:58]} Nd3
{[%clk 0:13:53]} 32. Rc8+ {[%clk 0:40:52]} Kh7 {[%clk 0:13:12]} 33. Ke3
{[%clk 0:40:57]} Nb4 {[%clk 0:13:34]} 34. a4 {[%clk 0:38:34]} Nd5+
{[%clk 0:12:15]} 35. Kd3 {[%clk 0:38:48]} g5 {[%clk 0:04:57]} 36. hxg5
{[%clk 0:38:38]} Kg6 {[%clk 0:05:24]} 37. Kc4 {[%clk 0:36:14]} Kxg5
{[%clk 0:05:26]} 38. a5 {[%clk 0:35:09]} Ne7 {[%clk 0:01:39]} 39. Rc7
{[%clk 0:35:31]} *

[Event "Moscow_Open_19_TurnirA"]
[Site "?"]
[Date "2019.01.26"]
[Round "1.6"]
[White "Nikologorsky, Matfei"]
[Black "Kokarev, Dmitry"]
[Result "*"]
[BlackElo "2605"]
[WhiteElo "2262"]
[LiveChessVersion "1.4.8"]

1. e4 {[%clk 1:30:57]} c5 {[%clk 1:30:54]} 2. Nf3 {[%clk 1:31:14]} d6
{[%clk 1:31:18]} 3. d4 {[%clk 1:31:32]} Nf6 {[%clk 1:31:42]} 4. Nc3
{[%clk 1:31:53]} cxd4 {[%clk 1:32:07]} 5. Nxd4 {[%clk 1:32:17]} a6
{[%clk 1:32:33]} 6. Be2 {[%clk 1:32:29]} e5 {[%clk 1:32:56]} 7. Nb3
{[%clk 1:32:54]} Be7 {[%clk 1:33:17]} 8. O-O {[%clk 1:32:56]} Be6
{[%clk 1:33:41]} 9. Be3 {[%clk 1:33:22]} Nbd7 {[%clk 1:34:05]} 10. a4
{[%clk 1:32:39]} Rc8 {[%clk 1:34:27]} 11. Qd2 {[%clk 1:31:54]} Nb6
{[%clk 1:34:43]} 12. a5 {[%clk 1:29:15]} Nc4 {[%clk 1:34:56]} 13. Bxc4
{[%clk 1:29:38]} Rxc4 {[%clk 1:35:20]} 14. f3 {[%clk 1:29:50]} O-O
{[%clk 1:35:43]} 15. Rfd1 {[%clk 1:28:22]} Qc8 {[%clk 1:36:03]} 16. Bg5
{[%clk 1:21:41]} Rd8 {[%clk 1:34:50]} 17. Bxf6 {[%clk 1:21:48]} Bxf6
{[%clk 1:35:12]} 18. Kh1 {[%clk 1:16:54]} h6 {[%clk 1:34:42]} 19. Ra4
{[%clk 1:09:29]} d5 {[%clk 1:32:39]} 20. exd5 {[%clk 1:06:10]} Rxa4
{[%clk 1:32:42]} 21. Nxa4 {[%clk 1:06:29]} Rxd5 {[%clk 1:33:03]} 22. Qc1
{[%clk 1:01:50]} Bg5 {[%clk 1:29:21]} 23. Qb1 {[%clk 1:02:00]} Be3
{[%clk 1:16:18]} 24. Nc3 {[%clk 0:51:56]} Rxd1+ {[%clk 1:11:45]} 25. Qxd1
{[%clk 0:50:15]} Bxb3 {[%clk 1:11:10]} 26. cxb3 {[%clk 0:50:43]} Bd4
{[%clk 1:09:52]} 27. Qd2 {[%clk 0:48:14]} Qc5 {[%clk 0:52:29]} 28. Ne2
{[%clk 0:38:33]} Qb5 {[%clk 0:51:52]} 29. h3 {[%clk 0:36:05]} Qxb3
{[%clk 0:50:58]} 30. Nxd4 {[%clk 0:36:29]} Qd5 {[%clk 0:51:11]} 31. Nb3
{[%clk 0:36:53]} Qxb3 {[%clk 0:51:35]} 32. Kg1 {[%clk 0:33:13]} g6
{[%clk 0:46:05]} 33. Kf2 {[%clk 0:32:02]} Kg7 {[%clk 0:46:25]} 34. g3
{[%clk 0:31:28]} Qc4 {[%clk 0:45:45]} 35. Kg2 {[%clk 0:29:46]} h5
{[%clk 0:36:51]} 36. h4 {[%clk 0:29:46]} Qd4 {[%clk 0:36:51]} 37. Qe2
{[%clk 0:28:50]} Kf6 {[%clk 0:35:37]} 38. b3 Qc3 39. Qa2 {[%clk 0:29:02]} Ke7
{[%clk 0:28:04]} 40. Qa3+ Ke6 {[%clk 0:58:21]} 41. Qa2 {[%clk 0:52:05]} Qb4
{[%clk 0:58:08]} 42. Qc2 Kf6 {[%clk 0:57:14]} 43. Qa2 {[%clk 0:47:47]} Ke7
{[%clk 0:56:57]} 44. Kh3 {[%clk 0:43:51]} Kd6 {[%clk 0:56:04]} 45. Kg2
{[%clk 0:43:34]} Kd5 {[%clk 0:55:38]} 46. Qc2 {[%clk 0:33:57]} Kd6
{[%clk 0:51:09]} 47. Qa2 {[%clk 0:33:57]} f5 {[%clk 0:49:45]} 48. Kh2
{[%clk 0:30:57]} Kd5 {[%clk 0:47:52]} 49. Kg2 Kd4 {[%clk 0:45:26]} 50. Qb2+ Qc3
{[%clk 0:45:26]} 51. Qf2+ Kd3 {[%clk 0:45:26]} 52. Qb6 Qc6 {[%clk 0:45:26]} 53.
Qg1 e4 {[%clk 0:45:26]} 54. fxe4 fxe4 {[%clk 0:45:26]} 55. Qd1+ Kc3
{[%clk 0:45:26]} 56. Kf2 Kb4 {[%clk 0:45:26]} 57. Ke3 Kxa5 {[%clk 0:45:26]} 58.
Qd2+ Kb5 {[%clk 0:45:26]} 59. Kf4 Qe6 {[%clk 0:45:26]} *

[Event "Moscow_Open_19_TurnirA"]
[Site "?"]
[Date "2019.01.26"]
[Round "1.9"]
[White "Pridorozhni, Aleksei"]
[Black "Bekturov, Tamerlan"]
[Result "*"]
[BlackElo "2254"]
[WhiteElo "2568"]
[LiveChessVersion "1.4.8"]

1. c4 {[%clk 1:30:56]} Nf6 {[%clk 1:28:32]} 2. Nc3 {[%clk 1:31:17]} e5
{[%clk 1:27:47]} 3. g3 {[%clk 1:31:40]} d5 {[%clk 1:23:13]} 4. cxd5
{[%clk 1:31:56]} Nxd5 {[%clk 1:23:36]} 5. Bg2 {[%clk 1:32:20]} Nb6
{[%clk 1:23:58]} 6. d3 {[%clk 1:32:44]} Be7 {[%clk 1:23:22]} 7. Be3
{[%clk 1:33:06]} O-O {[%clk 1:19:27]} 8. Rc1 {[%clk 1:33:29]} f6 {[%clk 1:07:32]}
9. Ne4 {[%clk 1:25:58]} Nc6 {[%clk 0:47:27]} 10. Nc5 {[%clk 1:24:01]} Kh8
{[%clk 0:47:37]} 11. Nf3 {[%clk 1:21:48]} Nd5 {[%clk 0:44:42]} 12. O-O
{[%clk 1:19:47]} Ncb4 {[%clk 0:39:07]} 13. a3 {[%clk 1:13:16]} Nxe3
{[%clk 0:39:20]} 14. fxe3 {[%clk 1:13:39]} Nd5 {[%clk 0:39:40]} 15. Qd2
{[%clk 1:13:55]} b6 {[%clk 0:38:14]} 16. Na4 {[%clk 1:11:47]} c5 {[%clk 0:36:26]}
17. Nc3 {[%clk 1:10:10]} Be6 {[%clk 0:33:31]} 18. Nxd5 {[%clk 1:08:47]} Bxd5
{[%clk 0:33:53]} 19. Nh4 {[%clk 1:08:59]} Rc8 {[%clk 0:31:50]} 20. Bxd5
{[%clk 1:08:40]} Qxd5 {[%clk 0:32:13]} 21. e4 {[%clk 1:07:42]} Qe6
{[%clk 0:32:06]} 22. Qc2 {[%clk 1:05:42]} c4 {[%clk 0:31:50]} 23. dxc4
{[%clk 1:03:21]} Bc5+ {[%clk 0:31:55]} 24. Kg2 {[%clk 1:03:35]} Be3
{[%clk 0:32:16]} 25. Rcd1 {[%clk 1:03:52]} Qxc4 {[%clk 0:23:20]} 26. Qxc4
{[%clk 1:00:03]} Rxc4 {[%clk 0:23:43]} 27. Rd7 {[%clk 1:00:16]} Bd4
{[%clk 0:23:50]} 28. Nf5 {[%clk 0:59:35]} Bxb2 {[%clk 0:19:49]} 29. Nxg7
{[%clk 0:59:42]} Rxe4 {[%clk 0:20:03]} 30. Ne6 {[%clk 0:59:46]} Re8
{[%clk 0:20:06]} 31. Rxf6 {[%clk 0:59:32]} Rxe2+ {[%clk 0:20:13]} 32. Kh3
{[%clk 0:59:08]} e4 {[%clk 0:19:51]} 33. Re7 {[%clk 0:58:52]} Rc8
{[%clk 0:16:38]} 34. Rff7 {[%clk 0:58:21]} Kg8 {[%clk 0:16:28]} 35. Rxa7
{[%clk 0:55:06]} e3 {[%clk 0:13:45]} 36. Nf4 Rf2 {[%clk 0:13:15]} 37. Rxh7
{[%clk 0:53:04]} Re8 {[%clk 0:11:04]} 38. Rhe7 {[%clk 0:52:53]} Rxe7
{[%clk 0:10:37]} 39. Rxe7 {[%clk 0:53:16]} Bd4 {[%clk 0:10:24]} 40. Re4
{[%clk 1:22:30]} Bc5 {[%clk 0:35:08]} 41. Nd3 {[%clk 1:21:00]} Re2
{[%clk 0:28:29]} 42. Nxc5 {[%clk 1:19:35]} bxc5 {[%clk 0:28:52]} 43. Rc4
{[%clk 1:20:02]} Ra2 {[%clk 0:28:50]} 44. Rxc5 {[%clk 1:20:25]} Rxa3
{[%clk 0:29:14]} 45. Re5 {[%clk 1:18:28]} Kg7 {[%clk 0:28:30]} 46. Kg4
{[%clk 1:18:49]} Kf6 {[%clk 0:24:45]} 47. Re8 {[%clk 1:19:09]} Ra2
{[%clk 0:24:31]} 48. h3 {[%clk 1:18:55]} e2 {[%clk 0:19:08]} 49. Kf3
{[%clk 1:18:16]} Ra3+ {[%clk 0:19:32]} 50. Kf2 {[%clk 1:18:41]} Ke6 *

[Event "Moscow_Open_19_TurnirA"]
[Site "?"]
[Date "2019.01.26"]
[Round "1.11"]
[White "Fedorov, Alexei"]
[Black "Nazaretyan, Tigran"]
[Result "*"]
[BlackElo "2250"]
[WhiteElo "2557"]
[LiveChessVersion "1.4.8"]

1. e4 {[%clk 1:30:56]} c5 {[%clk 1:30:39]} 2. d3 {[%clk 1:31:14]} d5
{[%clk 1:28:57]} 3. Nd2 {[%clk 1:30:32]} e5 {[%clk 1:28:37]} 4. Ngf3
{[%clk 1:30:27]} Nc6 {[%clk 1:28:34]} 5. exd5 {[%clk 1:29:49]} Qxd5
{[%clk 1:28:41]} 6. g3 {[%clk 1:30:03]} Bg4 {[%clk 1:27:48]} 7. h3
{[%clk 1:27:55]} Be6 {[%clk 1:26:58]} 8. Bg2 {[%clk 1:26:31]} f6 {[%clk 1:26:28]}
9. O-O {[%clk 1:13:04]} Qd7 {[%clk 1:26:04]} 10. Ne4 {[%clk 1:10:10]} O-O-O
{[%clk 1:20:59]} 11. Kh2 {[%clk 1:10:13]} g5 {[%clk 1:19:20]} 12. Be3
{[%clk 1:07:52]} g4 {[%clk 1:11:46]} 13. Nfd2 {[%clk 1:00:03]} gxh3
{[%clk 1:09:44]} 14. Bh1 {[%clk 0:59:47]} h5 {[%clk 1:02:48]} 15. Bxc5
{[%clk 0:48:17]} Nh6 {[%clk 0:43:51]} 16. Bf3 {[%clk 0:36:58]} Ng4+
{[%clk 0:28:39]} 17. Bxg4 {[%clk 0:34:51]} Bxg4 {[%clk 0:26:31]} 18. f3 f5
{[%clk 0:13:34]} 19. fxg4 {[%clk 0:31:33]} fxe4 {[%clk 0:12:39]} 20. Nxe4
{[%clk 0:31:21]} Bxc5 {[%clk 0:10:40]} 21. Nxc5 {[%clk 0:31:45]} Qxg4
{[%clk 0:10:41]} 22. Rf7 {[%clk 0:19:55]} Rhf8 {[%clk 0:08:04]} 23. Qxg4+
{[%clk 0:20:08]} hxg4 {[%clk 0:08:32]} 24. Raf1 {[%clk 0:20:32]} Rxf7
{[%clk 0:08:27]} 25. Rxf7 {[%clk 0:20:56]} Nd4 {[%clk 0:07:59]} 26. Rg7
{[%clk 0:20:25]} b6 {[%clk 0:04:13]} 27. Ne4 {[%clk 0:20:06]} Nxc2
{[%clk 0:03:56]} 28. Rxg4 {[%clk 0:19:44]} Rxd3 {[%clk 0:03:37]} 29. Kxh3
{[%clk 0:19:44]} Rd4 {[%clk 0:03:24]} 30. Nc3 {[%clk 0:18:48]} a5
{[%clk 0:03:21]} 31. Rg6 {[%clk 0:16:53]} e4 {[%clk 0:02:29]} 32. Rxb6
{[%clk 0:16:34]} e3 {[%clk 0:02:39]} 33. Ra6 {[%clk 0:09:03]} a4 {[%clk 0:02:45]}
34. a3 Kd7 {[%clk 0:01:51]} 35. Rxa4 {[%clk 0:05:16]} Rxa4 {[%clk 0:01:18]} 36.
Nxa4 {[%clk 0:05:42]} e2 {[%clk 0:01:36]} 37. Nc5+ {[%clk 0:06:07]} Kc6
{[%clk 0:01:24]} 38. Nd3 {[%clk 0:06:28]} Kb5 {[%clk 0:01:18]} 39. b3
{[%clk 0:05:51]} Nxa3 {[%clk 0:00:57]} 40. Kg2 {[%clk 0:34:11]} Nc2
{[%clk 0:31:06]} 41. Kf2 {[%clk 0:34:29]} Nd4 {[%clk 0:31:10]} 42. Nc1
{[%clk 0:33:47]} Kc5 {[%clk 0:28:21]} 43. g4 {[%clk 0:34:10]} Kd5
{[%clk 0:28:22]} 44. b4 {[%clk 0:33:53]} e1=Q+ {[%clk 0:27:59]} 45. Kxe1
{[%clk 0:34:16]} Ke5 *

[Event "Moscow_Open_19_TurnirA"]
[Site "?"]
[Date "2019.01.26"]
[Round "1.14"]
[White "Muslimov, Evgeny"]
[Black "Korneev, Oleg"]
[Result "*"]
[BlackElo "2545"]
[WhiteElo "2244"]
[LiveChessVersion "1.4.8"]

1. d4 {[%clk 1:30:57]} d5 {[%clk 1:28:20]} 2. Nf3 {[%clk 1:30:15]} Nf6
{[%clk 1:26:44]} 3. c4 {[%clk 1:29:58]} c6 {[%clk 1:26:51]} 4. e3
{[%clk 1:30:16]} Bf5 {[%clk 1:26:23]} 5. Qb3 {[%clk 1:27:58]} Qb6
{[%clk 1:24:14]} 6. c5 {[%clk 1:26:58]} Qc7 {[%clk 1:24:39]} 7. Nc3
{[%clk 1:24:21]} Nbd7 {[%clk 1:25:01]} 8. Be2 {[%clk 1:24:19]} e5
{[%clk 1:15:18]} 9. Qd1 {[%clk 1:07:18]} a5 {[%clk 1:03:25]} 10. b3
{[%clk 0:54:10]} e4 {[%clk 1:00:36]} 11. Nd2 {[%clk 0:53:17]} b6 {[%clk 0:52:47]}
12. cxb6 {[%clk 0:53:26]} Nxb6 {[%clk 0:53:14]} 13. Bb2 {[%clk 0:49:20]} Bd6
{[%clk 0:53:30]} 14. h3 {[%clk 0:49:15]} O-O {[%clk 0:53:32]} 15. Qc2
{[%clk 0:42:49]} Rfc8 {[%clk 0:52:37]} 16. Na4 {[%clk 0:23:29]} Nxa4
{[%clk 0:52:02]} 17. bxa4 {[%clk 0:23:57]} Qe7 {[%clk 0:51:37]} 18. Nb3
{[%clk 0:23:28]} Nd7 {[%clk 0:51:21]} 19. Kf1 {[%clk 0:12:45]} Bg6
{[%clk 0:42:34]} 20. Rc1 h5 21. Qd2 {[%clk 0:06:07]} h4 {[%clk 0:31:14]} 22. Nxa5
{[%clk 0:02:56]} Bb4 {[%clk 0:30:20]} 23. Bc3 {[%clk 0:03:25]} Bxc3
{[%clk 0:30:19]} 24. Qxc3 {[%clk 0:03:54]} c5 {[%clk 0:30:42]} 25. Bb5
{[%clk 0:01:04]} cxd4 {[%clk 0:20:49]} 26. Nc6 {[%clk 0:01:34]} Qd6
{[%clk 0:20:55]} 27. exd4 {[%clk 0:01:48]} f5 {[%clk 0:21:07]} 28. g3
{[%clk 0:01:09]} Be8 {[%clk 0:14:22]} 29. Qe3 {[%clk 0:01:02]} Nb6
{[%clk 0:14:22]} 30. Ne5 {[%clk 0:01:18]} Rxc1+ {[%clk 0:12:42]} 31. Qxc1
{[%clk 0:01:47]} hxg3 {[%clk 0:13:02]} 32. Bxe8 {[%clk 0:01:42]} Rxe8
{[%clk 0:13:15]} 33. a5 {[%clk 0:02:06]} Nc4 {[%clk 0:12:00]} 34. Nxc4 Qc6
{[%clk 0:06:31]} 35. Rg1 {[%clk 0:02:00]} gxf2 {[%clk 0:05:47]} 36. Kxf2
{[%clk 0:02:28]} dxc4 {[%clk 0:06:05]} 37. Qg5 {[%clk 0:01:25]} e3+
{[%clk 0:04:36]} 38. Ke2 {[%clk 0:01:50]} Qd7 {[%clk 0:04:56]} 39. d5
{[%clk 0:02:02]} c3 {[%clk 0:05:10]} 40. a4 {[%clk 0:32:02]} c2 {[%clk 0:34:48]}
41. Rc1 {[%clk 0:30:31]} Qc7 {[%clk 0:27:16]} 42. Qxf5 {[%clk 0:29:08]} Qh2+
{[%clk 0:23:19]} *